[Event "Lliga Catalana DH "]
[Site "?"]
[Date "2018.03.10"]
[Round "8.6"]
[White "Rivas Garcia, Victor"]
[Black "Colls Gelaberto, Emili"]
[Result "1-0"]
[WhiteElo "2343"]
[BlackElo "2271"]
[PlyCount "111"]
[EventDate "2018.??.??"]
[SourceDate "2018.01.21"]
[WhiteTeam "BAB"]
[BlackTeam "FIG"]

1. e4 c6 2. d4 d5 3. e5 Bf5 4. Nf3 e6 5. Be2 c5 6. Be3 cxd4 7. Nxd4 Ne7 8. O-O
Nbc6 9. f4 Nxd4 10. Bxd4 Nc6 11. Bf2 Qa5 12. Nc3 Bc5 13. Nb5 Bxf2+ 14. Rxf2 O-O
15. Nd6 Bg6 16. c4 dxc4 17. Bxc4 Qb6 18. Qf3 Rab8 19. a3 Rfd8 20. Rc1 Ne7 21.
Qb3 Qxb3 22. Bxb3 Nf5 23. Rd2 Nxd6 24. exd6 Rbc8 25. Rc7 Be4 26. f5 Bxf5 27.
Rxb7 Rb8 28. Rxb8 Rxb8 29. Ba4 g6 30. b4 Kg7 31. d7 Rd8 32. Rd6 Kf8 33. Ra6 e5
34. Rxa7 Ke7 35. Bc6 Bxd7 36. b5 Kd6 37. Bxd7 Rxd7 38. Ra6+ Kc5 39. a4 Rd6 40.
Ra7 Rf6 41. g4 h6 42. Kg2 g5 43. Kg3 e4 44. Re7 Kd4 45. a5 Rf3+ 46. Kg2 Ra3 47.
a6 Ra5 48. a7 Ra2+ 49. Kf1 Kc5 50. Rb7 Kd4 51. b6 Ke3 52. Rb8 Kf3 53. a8=Q Rxh2
54. Kg1 Rg2+ 55. Kf1 Rh2 56. Ke1 1-0

[Event "Lliga Catalana DH "]
[Site "?"]
[Date "2018.03.10"]
[Round "8.7"]
[White "Parals Marce, Lluis"]
[Black "Martinez Ramirez, Erik"]
[Result "0-1"]
[WhiteElo "2213"]
[BlackElo "2335"]
[PlyCount "84"]
[EventDate "2018.??.??"]
[SourceDate "2018.01.21"]
[WhiteTeam "FIG"]
[BlackTeam "BAB"]

1. Nf3 Nf6 2. g3 g6 3. b3 Bg7 4. Bb2 O-O 5. Bg2 c5 6. c4 Nc6 7. O-O b6 8. d4
cxd4 9. Nxd4 Bb7 10. Nc3 Qc8 11. Nd5 Nxd5 12. cxd5 Nxd4 13. Bxd4 d6 14. Bxg7
Kxg7 15. Qd4+ Kg8 16. Rac1 Qd7 17. h4 Rac8 18. e4 Rxc1 19. Rxc1 Rc8 20. Qd2 Rc7
21. Kh2 Rxc1 22. Qxc1 Qc8 23. Qd2 Qc5 24. b4 Qc4 25. h5 Kg7 26. Qb2+ f6 27.
hxg6 hxg6 28. b5 Bc8 29. Qa3 a5 30. bxa6 Bxa6 31. Qb2 Qc5 32. f4 Bc4 33. a3 b5
34. Qc3 Qf2 35. Qf3 Qd2 36. g4 Bd3 37. Kg3 Qe1+ 38. Qf2 Qc1 39. Qd4 Qxa3 40.
Qe3 b4 41. Kh2 Bf1 42. Qb6 Qb2 0-1

[Event "Lliga Catalana DH "]
[Site "?"]
[Date "2018.03.10"]
[Round "8.8"]
[White "Carrasco Rodriguez, Jesus"]
[Black "Negre Moret, Albert"]
[Result "1-0"]
[WhiteElo "2285"]
[BlackElo "2206"]
[PlyCount "129"]
[EventDate "2018.??.??"]
[SourceDate "2018.01.21"]
[WhiteTeam "BAB"]
[BlackTeam "FIG"]

1. b3 e5 2. Bb2 Nc6 3. e3 d5 4. Bb5 Qe7 5. Qh5 d4 6. Nf3 Bd7 7. Bxc6 Bxc6 8.
Qxe5 dxe3 9. fxe3 O-O-O 10. Qxe7 Nxe7 11. O-O f6 12. Nd4 Bd7 13. e4 Ng6 14. Nf5
Bc6 15. d3 Ne7 16. Nd4 Bd7 17. Nd2 c5 18. N4f3 Ng6 19. e5 Nxe5 20. Nxe5 fxe5
21. Bxe5 Re8 22. Rae1 Rg8 23. a4 Bc6 24. Bc3 Rxe1 25. Rxe1 Bd6 26. Ne4 Kd7 27.
g3 h6 28. Kf2 b6 29. Ke3 a6 30. Rf1 Bd5 31. Bb2 Be6 32. c4 Be7 33. d4 cxd4+ 34.
Bxd4 Kc6 35. h4 g6 36. Bf6 Bc5+ 37. Nxc5 bxc5 38. Be5 Bf5 39. Rd1 Re8 40. Rd6+
Kb7 41. Kf4 h5 42. a5 Rc8 43. Rb6+ Ka7 44. Bd6 Bh3 45. Ke5 Bg4 46. Be7 Bd1 47.
Kd5 Bf3+ 48. Ke6 Bg4+ 49. Kf7 Bf5 50. Bd6 Be4 51. Bf4 Bf5 52. Be3 Be4 53. Ke7
Rc6 54. Rxc6 Bxc6 55. Kd6 Kb7 56. Kxc5 Bd7 57. b4 Bf5 58. b5 Be4 59. Bd2 Bg2
60. Bb4 Bf3 61. Kd6 Be2 62. bxa6+ Kxa6 63. c5 Kb7 64. c6+ Kc8 65. Kc5 1-0

[Event "Lliga Catalana DH "]
[Site "?"]
[Date "2018.03.10"]
[Round "8.9"]
[White "Pau Plana, Albert"]
[Black "Ramirez Carrizo, Victor"]
[Result "0-1"]
[WhiteElo "2166"]
[BlackElo "2263"]
[PlyCount "122"]
[EventDate "2018.??.??"]
[SourceDate "2018.01.21"]
[WhiteTeam "FIG"]
[BlackTeam "BAB"]

1. d4 d5 2. Nf3 Nf6 3. c4 e6 4. Nc3 c5 5. cxd5 Nxd5 6. e4 Nxc3 7. bxc3 cxd4 8.
cxd4 Bb4+ 9. Bd2 Bxd2+ 10. Qxd2 O-O 11. Be2 Nc6 12. O-O e5 13. d5 Bg4 14. dxc6
Qxd2 15. Nxd2 Bxe2 16. Rfe1 Ba6 17. Rac1 b6 18. Nc4 Bxc4 19. Rxc4 f6 20. Rd1
Rf7 21. Rd7 Rc8 22. Rb7 Rfc7 23. g3 Kf7 24. Ra4 Ke6 25. Raxa7 Kd6 26. Ra6 Kxc6
27. Raxb6+ Kc5 28. Kg2 h5 29. h4 Kd4 30. Rb4+ Kd3 31. Kf3 g5 32. Rb3+ Kd4 33.
R7b4+ Rc4 34. Rb1 g4+ 35. Kg2 Kxe4 36. a4 f5 37. Re1+ Kd5 38. Rd1+ Rd4 39. Rb5+
Rc5 40. Ra1 Rxb5 41. axb5 Rb4 42. Ra6 Ke4 43. Rh6 f4 44. gxf4 exf4 45. Re6+ Kf5
46. Rh6 Rb2 47. Rxh5+ Ke4 48. Rh8 g3 49. Re8+ Kf5 50. Rf8+ Kg4 51. Rg8+ Kxh4
52. Rh8+ Kg4 53. Rf8 Kg5 54. Rg8+ Kf5 55. Rf8+ Ke5 56. Re8+ Kd6 57. b6 Rxf2+
58. Kg1 Rb2 59. b7 Rxb7 60. Kg2 Rb2+ 61. Kf1 f3 0-1

[Event "Lliga Catalana DH "]
[Site "?"]
[Date "2018.03.10"]
[Round "8.10"]
[White "Bosque Ortega, Xavier"]
[Black "Perez Fonolleras, Oliver"]
[Result "1-0"]
[WhiteElo "2297"]
[BlackElo "1940"]
[PlyCount "57"]
[EventDate "2018.??.??"]
[SourceDate "2018.01.21"]
[WhiteTeam "BAB"]
[BlackTeam "FIG"]

1. d4 Nf6 2. Nf3 d5 3. Bf4 c5 4. e3 e6 5. c3 Nc6 6. Nbd2 Bd7 7. Bd3 Qb6 8. Rb1
Nh5 9. Bg5 Bd6 10. Ne5 Nf6 11. f4 Be7 12. O-O cxd4 13. exd4 h6 14. Bxf6 Bxf6
15. Qh5 Nd8 16. Ndf3 Bb5 17. Bxb5+ Qxb5 18. g4 Bxe5 19. Nxe5 g6 20. Qh4 Nc6 21.
Qf6 Rh7 22. f5 Nxe5 23. fxe6 Qc6 24. exf7+ Nxf7 25. Rbe1+ Kd7 26. Qe7+ Kc8 27.
Rxf7 Rh8 28. Re6 a6 29. Rxc6+ 1-0

[Event "Lliga Catalana DH "]
[Site "?"]
[Date "2018.03.10"]
[Round "8.4"]
[White "Iglesias, Jorge"]
[Black "Diaz, Carles"]
[Result "1/2-1/2"]
[WhiteElo "2382"]
[BlackElo "2489"]
[PlyCount "113"]
[EventDate "2018.??.??"]
[SourceDate "2018.01.21"]

1. c4 e6 2. Nc3 Bb4 3. e4 Ne7 4. d4 d5 5. a3 Bxc3+ 6. bxc3 dxe4 7. Qg4 O-O 8.
Qxe4 e5 9. Nf3 exd4 10. cxd4 Re8 11. Be2 Nbc6 12. Be3 Nf5 13. Qd3 Qe7 14. Kd2
Nd6 15. Kc1 Bf5 16. Qb3 Na5 17. Qc3 b6 18. Nd2 Rad8 19. Kb2 Ne4 20. Nxe4 Bxe4
21. Rhg1 Bg6 22. g3 Qf6 23. Rad1 Nb7 24. Rge1 Nd6 25. f3 c5 26. Bg1 Nf5 27. d5
Ne3 28. Bxe3 Qxc3+ 29. Kxc3 Rxe3+ 30. Bd3 Rxf3 31. Kc2 Rxd3 32. Rxd3 Kf8 33.
Kc3 Bxd3 34. Kxd3 Re8 35. Ra1 Ke7 36. a4 Rb8 37. a5 b5 38. Rd1 a6 39. cxb5 Rxb5
40. Kc4 Rxa5 41. Rb1 Ra2 42. Kxc5 Rc2+ 43. Kd4 Rxh2 44. Rb7+ Kd6 45. Rxf7 Rd2+
46. Kc4 Rc2+ 47. Kd4 Rc7 48. Rf8 Rb7 49. Rd8+ Ke7 50. Ra8 Rb3 51. Ra7+ Kf6 52.
Rxa6+ Kf5 53. g4+ Kxg4 54. Ra7 g5 55. Rxh7 Rb1 56. d6 Rd1+ 57. Ke5 1/2-1/2

[Event "Lliga Catalana DH "]
[Site "?"]
[Date "2018.03.10"]
[Round "8.6"]
[White "Barcelo Sola, David"]
[Black "Perpinya Rofes, Lluis"]
[Result "1-0"]
[WhiteElo "2178"]
[BlackElo "2450"]
[PlyCount "88"]
[EventDate "2018.??.??"]
[SourceDate "2018.01.21"]

1. e4 c5 2. Nf3 Nc6 3. d4 cxd4 4. Nxd4 Nf6 5. Nc3 d6 6. Be2 e6 7. O-O Be7 8.
Kh1 O-O 9. f4 Bd7 10. Be3 Nxd4 11. Qxd4 Bc6 12. Bf3 Qc7 13. e5 dxe5 14. fxe5
Nd7 15. Bxc6 Qxc6 16. Rad1 Rad8 17. Qf4 f6 18. exf6 Bxf6 19. Qe4 Bxc3 20. Qxc6
Rxf1+ 21. Rxf1 bxc6 22. bxc3 Nf6 23. Bd4 Rd5 24. h3 e5 25. Bxa7 Ra5 26. Bb8 Nd7
27. Rd1 Nxb8 28. Rd8+ Kf7 29. Rxb8 Rxa2 30. Rc8 e4 31. Kg1 Rxc2 32. Rxc6 e3 33.
Kf1 Rf2+ 34. Ke1 Rxg2 35. Rc4 Kf6 36. Re4 Rg3 37. h4 Kf5 38. Re7 Kf4 39. c4 Kf3
40. Rf7+ Ke4 41. Rd7 Rg1+ 42. Ke2 Rg2+ 43. Ke1 h5 44. c5 Kf3 1-0

[Event "Lliga Catalana DH "]
[Site "?"]
[Date "2018.03.10"]
[Round "8.2"]
[White "Fluvia Poyatos, Jordi"]
[Black "Gonzalez Garcia, Jose"]
[Result "1/2-1/2"]
[WhiteElo "2460"]
[BlackElo "2565"]
[PlyCount "20"]
[EventDate "2018.??.??"]
[SourceDate "2018.01.21"]

1. e4 c5 2. Nc3 Nc6 3. Bb5 Nd4 4. Nf3 e6 5. O-O a6 6. Bd3 Nc6 7. b3 d6 8. Bb2
Nf6 9. Re1 Be7 10. e5 dxe5 1/2-1/2

[Event "Lliga Catalana DH "]
[Site "?"]
[Date "2018.03.10"]
[Round "8.3"]
[White "Comas Farbrego, Lluis"]
[Black "Porras Mateo, Felipe"]
[Result "1/2-1/2"]
[WhiteElo "2556"]
[BlackElo "2448"]
[PlyCount "28"]
[EventDate "2018.??.??"]
[SourceDate "2018.01.21"]

1. Nf3 d5 2. b3 Nf6 3. Bb2 e6 4. e3 Nbd7 5. d4 Be7 6. Nbd2 O-O 7. Be2 b6 8. O-O
Bb7 9. c4 c5 10. Rc1 Rc8 11. Rc2 Rc7 12. Qa1 dxc4 13. bxc4 a6 14. Rd1 Qb8
1/2-1/2

[Event "Lliga Catalana DH "]
[Site "?"]
[Date "2018.03.10"]
[Round "8.7"]
[White "Rahal, Michael"]
[Black "Campins Machado, Francesc"]
[Result "1-0"]
[WhiteElo "2426"]
[BlackElo "2144"]
[PlyCount "63"]
[EventDate "2018.??.??"]
[SourceDate "2018.01.21"]

1. e4 c5 2. Nf3 e6 3. d4 cxd4 4. Nxd4 Nf6 5. Nc3 d6 6. Be3 Be7 7. f3 Nc6 8. Qd2
O-O 9. O-O-O d5 10. exd5 Nxd5 11. Nxd5 Qxd5 12. c4 Qd6 13. Nb5 Qb8 14. Qf2 e5
15. Nc3 Be6 16. Kb1 Rd8 17. Be2 Bf6 18. Ne4 Bf5 19. g4 Bxe4+ 20. fxe4 Rxd1+ 21.
Rxd1 Qe8 22. g5 Be7 23. c5 Rd8 24. Rf1 Nd4 25. Bc4 Ne6 26. h4 Bf8 27. h5 Kh8
28. g6 Nf4 29. gxf7 Qa4 30. b3 Qa5 31. h6 g5 32. Bxf4 1-0

[Event "Lliga Catalana DH "]
[Site "?"]
[Date "2018.03.10"]
[Round "8.8"]
[White "Hapala, Elisabeth"]
[Black "Bofill, Alexandre"]
[Result "0-1"]
[WhiteElo "2103"]
[BlackElo "2412"]
[PlyCount "58"]
[EventDate "2018.??.??"]
[SourceDate "2018.01.21"]

1. e4 c5 2. Nf3 e6 3. d4 cxd4 4. Nxd4 Nf6 5. Nc3 d6 6. Be3 a6 7. f3 b5 8. Qd2
Bb7 9. g4 Nfd7 10. O-O-O Nb6 11. Nb3 N8d7 12. Na5 Rb8 13. Nxb7 Rxb7 14. b3 Be7
15. h4 Qc8 16. Bg5 Nf6 17. Ne2 d5 18. e5 Nc4 19. Qe1 Nxe5 20. Nd4 Nc6 21. Kb2
O-O 22. h5 Nxd4 23. Rxd4 Qc5 24. Rd1 d4 25. Qd2 Rc8 26. Bd3 Qa3+ 27. Kb1 Nd5
28. Bxe7 Rxe7 29. c4 dxc3 0-1

[Event "Lliga Catalana DH "]
[Site "?"]
[Date "2018.03.10"]
[Round "8.9"]
[White "Ayas Fernandez, Antoni"]
[Black "Martinez Talavera, Jordi"]
[Result "1/2-1/2"]
[WhiteElo "2351"]
[BlackElo "2087"]
[PlyCount "42"]
[EventDate "2018.??.??"]
[SourceDate "2018.01.21"]

1. c4 e6 2. Nc3 Nf6 3. e4 d5 4. e5 Nfd7 5. cxd5 Nxe5 6. d4 Ng6 7. dxe6 Bxe6 8.
Nf3 Be7 9. Bd3 Nd7 10. Be3 c6 11. O-O Nb6 12. Re1 Nd5 13. Nxd5 Qxd5 14. Nd2 Qd7
15. Qe2 O-O 16. Ne4 Rfd8 17. Red1 Bd5 18. Nc3 Be6 19. Bxg6 fxg6 20. d5 Bxd5 21.
Nxd5 cxd5 1/2-1/2

[Event "Lliga Catalana DH "]
[Site "?"]
[Date "2018.03.10"]
[Round "8.10"]
[White "Garcia-Castany Musellas, Gal·la"]
[Black "Lorente Muñoz, Raul"]
[Result "0-1"]
[WhiteElo "2038"]
[BlackElo "2289"]
[PlyCount "83"]
[EventDate "2018.??.??"]
[SourceDate "2018.01.21"]

1. d4 Nf6 2. c4 e6 3. Nc3 Bb4 4. Qb3 c5 5. Nf3 Nc6 6. e3 cxd4 7. exd4 d5 8. a3
Bxc3+ 9. bxc3 h6 10. Bd3 O-O 11. O-O dxc4 12. Qxc4 Na5 13. Qa2 b6 14. Ne5 Bb7
15. Be3 Nc6 16. f4 Rc8 17. Rac1 Ne7 18. Qe2 Be4 19. Ba6 Rc7 20. g4 Nfd5 21. Bd2
f5 22. Bb5 Qd6 23. Nc4 Qd8 24. g5 hxg5 25. fxg5 g6 26. h4 Kg7 27. h5 gxh5 28.
Rf2 Ng6 29. Rh2 h4 30. Rf1 Rc8 31. Ba6 Qc7 32. Qf2 Qg3+ 33. Qxg3 hxg3 34. Rh6
Rcd8 35. Be1 g2 36. Rf2 Nc7 37. Rxg6+ Kxg6 38. Ne5+ Kg7 39. Be2 Rh8 40. Rxg2
Bxg2 41. Kxg2 Nd5 42. Bg3 0-1

[Event "Lliga Catalana DH "]
[Site "?"]
[Date "2018.03.10"]
[Round "8.5"]
[White "Lorenzo de la Riva, Lazaro"]
[Black "Fernandez Madrid, Carles"]
[Result "1/2-1/2"]
[WhiteElo "2449"]
[BlackElo "2242"]
[PlyCount "112"]
[EventDate "2018.??.??"]
[SourceDate "2018.01.21"]

1. e4 d6 2. d4 Nf6 3. Nc3 g6 4. Be3 c6 5. Qd2 Bg7 6. Nf3 Bg4 7. Be2 O-O 8. O-O
Bxf3 9. Bxf3 Nbd7 10. a4 Re8 11. Rfd1 Qc7 12. Be2 Rad8 13. a5 c5 14. d5 a6 15.
f3 Nf8 16. Na4 e6 17. c4 exd5 18. cxd5 Qe7 19. Bg5 Qe5 20. Nb6 h6 21. Be3 Qh5
22. Nc4 g5 23. h3 Qg6 24. Bd3 Qh5 25. Bf1 Qg6 26. Rab1 N6d7 27. b4 Rb8 28. bxc5
Nxc5 29. Rb6 Na4 30. Rxd6 Qh7 31. e5 Rxe5 32. Nxe5 Bxe5 33. Qb4 Nc3 34. Rd3 Nb5
35. Rb6 Nd7 36. Rxb5 axb5 37. Qxb5 Qf5 38. Qc4 Re8 39. Qg4 Qxg4 40. hxg4 Bd6
41. Bf2 Ra8 42. Rb3 Rxa5 43. Rxb7 Ne5 44. Rb5 Ra1 45. Rb6 Nc4 46. Bd4 Nxb6 47.
Bxa1 Nxd5 48. Bc4 Bc5+ 49. Kh1 Ne3 50. Bb3 Bb6 51. Be5 Kf8 52. Kh2 f5 53. gxf5
Nxf5 54. Kh3 h5 55. g4 hxg4+ 56. Kxg4 Nd4 1/2-1/2

[Event "Lliga Catalana DH "]
[Site "?"]
[Date "2018.03.10"]
[Round "8.1"]
[White "Vazquez Schroeder, Rodrigo"]
[Black "Fluvia Poyatos, Joan"]
[Result "1/2-1/2"]
[WhiteElo "2549"]
[BlackElo "2538"]
[PlyCount "133"]
[EventDate "2018.??.??"]
[SourceDate "2018.01.21"]

1. d4 Nf6 2. Nf3 e6 3. e3 d5 4. Bd3 Be7 5. O-O O-O 6. b3 a5 7. a3 b6 8. Ne5 Ba6
9. c4 Nfd7 10. Nf3 a4 11. Nc3 dxc4 12. bxc4 Bb7 13. Nxa4 Bxf3 14. gxf3 Bd6 15.
f4 Qh4 16. Kh1 e5 17. Nc3 exf4 18. Nb5 Ra5 19. Qf3 fxe3 20. Nxd6 Rh5 21. Qg3
Qxd4 22. Be2 Qxa1 23. Bxh5 cxd6 24. Qxe3 Nc6 25. Bxf7+ Kxf7 26. Qf3+ Qf6 27.
Qxc6 Ne5 28. Qe4 Qg6 29. Qe2 Rc8 30. Bf4 Qe6 31. Bxe5 dxe5 32. Re1 Rc5 33. Qe4
h6 34. Re3 Kg8 35. Rd3 Rxc4 36. Qd5 Qxd5+ 37. Rxd5 Rc5 38. Rd7 Kh7 39. Rd6 b5
40. Rb6 e4 41. Kg2 Rg5+ 42. Kf1 Rh5 43. Kg2 Rg5+ 44. Kf1 Re5 45. Kg2 Kg8 46.
Rb7 Kf8 47. Kg3 Rf5 48. h4 h5 49. Ra7 Rf3+ 50. Kg2 Rf4 51. Kg3 Rg4+ 52. Kh3 Rf4
53. Kg3 Rf3+ 54. Kg2 g6 55. Rb7 Rb3 56. Ra7 Rb2 57. Kg3 Ra2 58. Ra5 Kf7 59.
Rxb5 Rxa3+ 60. Kg2 Kf6 61. Rb6+ Kf5 62. Rb5+ Kf4 63. Rb6 g5 64. Rf6+ Kg4 65.
hxg5 Kxg5 66. Re6 Ra4 67. Re8 1/2-1/2

[Event "Lliga Catalana DH "]
[Site "?"]
[Date "2018.03.10"]
[Round "8.1"]
[White "Cervello Tost, Ferran"]
[Black "Asis Gargatagli, Hipolito"]
[Result "1/2-1/2"]
[WhiteElo "2355"]
[BlackElo "2561"]
[PlyCount "48"]
[EventDate "2018.??.??"]
[SourceDate "2018.01.21"]
[WhiteTeam "PIP"]
[BlackTeam "SCU"]

1. d4 Nf6 2. Nf3 g6 3. g3 Bg7 4. Bg2 O-O 5. O-O d5 6. c4 dxc4 7. Na3 c3 8. bxc3
c5 9. Nc4 Nc6 10. Nfe5 Nd5 11. Bb2 Be6 12. Nxc6 bxc6 13. Ne5 Qc7 14. c4 Nb6 15.
dxc5 Bxe5 16. cxb6 axb6 17. Bxe5 Qxe5 18. Bxc6 Ra5 19. Qb3 Rb8 20. Bd5 Bxd5 21.
cxd5 Rxd5 22. e3 Rb5 23. Qd3 Ra8 24. Rab1 Rxb1 1/2-1/2

[Event "Lliga Catalana DH "]
[Site "?"]
[Date "2018.03.10"]
[Round "8.2"]
[White "Alonso Bouza, Julio Javier"]
[Black "Povill Claros, Xavier"]
[Result "1-0"]
[WhiteElo "2373"]
[BlackElo "2345"]
[PlyCount "89"]
[EventDate "2018.??.??"]
[SourceDate "2018.01.21"]
[WhiteTeam "SCU"]
[BlackTeam "PIP"]

1. e4 c6 2. c4 d5 3. exd5 cxd5 4. cxd5 Nf6 5. Nc3 Nxd5 6. Nf3 Nc6 7. d4 Bg4 8.
Qb3 Bxf3 9. gxf3 e6 10. Qxb7 Nxd4 11. Bb5+ Nxb5 12. Qc6+ Ke7 13. Qc5+ Qd6 14.
Nxd5+ exd5 15. Qxb5 Rb8 16. Qa4 Qb4+ 17. Qxb4+ Rxb4 18. Be3 Rb7 19. O-O-O Ke6
20. Rhe1 Bb4 21. Re2 Rc8+ 22. Kb1 f6 23. Bxa7+ Kf7 24. Be3 Rd8 25. Rc2 g5 26.
Rc6 h5 27. h3 Be7 28. Bd4 Rdd7 29. Kc2 Rdc7 30. Rxc7 Rxc7+ 31. Kd3 Ke6 32. a4
Bb4 33. Ra1 Ba5 34. Rb1 Rb7 35. b3 Kf5 36. Bc5 Kf4 37. Ke2 Ke5 38. b4 d4 39.
Kd3 Kf4 40. Rb3 Bc7 41. Kxd4 Be5+ 42. Kc4 g4 43. fxg4 hxg4 44. hxg4 Kxg4 45. a5
1-0

[Event "Lliga Catalana DH "]
[Site "?"]
[Date "2018.03.10"]
[Round "8.3"]
[White "Garcia Ramos, Daniel"]
[Black "Lillo Castany, Victor"]
[Result "1/2-1/2"]
[WhiteElo "2336"]
[BlackElo "2401"]
[PlyCount "122"]
[EventDate "2018.??.??"]
[SourceDate "2018.01.21"]
[WhiteTeam "PIP"]
[BlackTeam "SCU"]

1. e4 e5 2. Nf3 Nc6 3. Bb5 f5 4. d3 fxe4 5. dxe4 Nf6 6. O-O Bc5 7. Bxc6 bxc6 8.
Nxe5 O-O 9. Nc3 d6 10. Na4 Qe8 11. Nd3 Bg4 12. Qe1 Bd4 13. c3 Bb6 14. Nxb6 axb6
15. f3 Be6 16. a3 Bc4 17. Qd1 Qf7 18. Re1 Nd7 19. Be3 c5 20. Nc1 Be6 21. Bf2
Ne5 22. a4 c4 23. Bg3 Ng6 24. Ne2 h5 25. Nd4 h4 26. Bf2 h3 27. g3 Bg4 28. Re3
Ne5 29. Nf5 Bxf5 30. exf5 Qxf5 31. Qd5+ Qf7 32. Qxf7+ Rxf7 33. f4 Ng4 34. Re4
d5 35. Re6 Ra5 36. Ra3 Rf6 37. Re7 Kf8 38. Re2 Kf7 39. Bd4 Rf5 40. Ra1 c5 41.
Bf2 Rf6 42. Rae1 Rxa4 43. Re7+ Kg6 44. Rd7 Ra2 45. Rxd5 Nxf2 46. Kxf2 Rxb2+ 47.
Kf3 Rxh2 48. Re7 Kh7 49. Rdd7 Rg6 50. f5 Rg5 51. f6 Rg2 52. Rxg7+ Rxg7 53.
Rxg7+ Kh8 54. Rg4 Rd2 55. f7 Rd8 56. Rxc4 Kg7 57. Rf4 Rh8 58. c4 h2 59. f8=Q+
Rxf8 60. Kg2 Rh8 61. Rh4 Rd8 1/2-1/2

[Event "Lliga Catalana DH "]
[Site "?"]
[Date "2018.03.10"]
[Round "8.4"]
[White "Lerch Gallemi, Jose Mª"]
[Black "Perez Garcia, Adria"]
[Result "1/2-1/2"]
[WhiteElo "2322"]
[BlackElo "2230"]
[PlyCount "61"]
[EventDate "2018.??.??"]
[SourceDate "2018.01.21"]
[WhiteTeam "SCU"]
[BlackTeam "PIP"]

1. e4 c6 2. d3 d5 3. Nd2 e5 4. Ngf3 Bd6 5. Be2 Nf6 6. O-O O-O 7. Re1 dxe4 8.
dxe4 Qe7 9. h3 Bc7 10. a4 a5 11. Bc4 Nbd7 12. b3 Nb6 13. Ba3 Bd6 14. Bxd6 Qxd6
15. Qe2 Be6 16. Bxe6 Qxe6 17. Qe3 Nfd7 18. Qc3 f6 19. b4 axb4 20. Qxb4 Nc8 21.
Nc4 c5 22. Qxb7 Rb8 23. Qd5 Qxd5 24. exd5 Rb4 25. Ne3 Nd6 26. a5 Rc8 27. Ra2
Rc6 28. Rea1 f5 29. c3 Rb3 30. Nd1 Rb5 31. Nd2 1/2-1/2

[Event "Lliga Catalana DH "]
[Site "?"]
[Date "2018.03.10"]
[Round "8.5"]
[White "Martinez Lopez, Carlos"]
[Black "Mateos Rozas, Miquel A"]
[Result "0-1"]
[WhiteElo "2199"]
[BlackElo "2295"]
[PlyCount "120"]
[EventDate "2018.??.??"]
[SourceDate "2018.01.21"]
[WhiteTeam "PIP"]
[BlackTeam "SCU"]

1. e4 c5 2. Nf3 Nc6 3. d4 cxd4 4. Nxd4 g6 5. Nc3 Bg7 6. Be3 Nf6 7. Bc4 O-O 8.
Bb3 d6 9. f3 Bd7 10. Qd2 a5 11. Ndb5 Ne5 12. a4 Rc8 13. O-O Nc4 14. Bxc4 Rxc4
15. b3 Rc8 16. Rad1 Bc6 17. Qf2 Nd7 18. Nd5 Bxd5 19. exd5 Nc5 20. Bd4 Qd7 21.
Bxg7 Kxg7 22. Qd4+ Kg8 23. Na3 Ra8 24. Nc4 Ra6 25. Qd2 Qc7 26. Qh6 Nxa4 27. f4
Nc3 28. Rd3 Qc5+ 29. Kh1 Ne4 30. Rh3 Nf6 31. f5 Qxd5 32. fxg6 fxg6 33. Ne3 Qf7
34. g4 Qg7 35. Qf4 e6 36. Qa4 g5 37. Rhf3 Raa8 38. h3 d5 39. Qd4 Ne4 40. Rxf8+
Rxf8 41. Rxf8+ Qxf8 42. Nxd5 Qf3+ 43. Kg1 Qg3+ 44. Kf1 Qxh3+ 45. Ke1 Qg3+ 46.
Kd1 Qxg4+ 47. Kc1 exd5 48. Qxd5+ Kf8 49. Qd8+ Kf7 50. Qb6 Qe6 51. Qxb7+ Kg6 52.
Qa8 Qf5 53. Qe8+ Kh6 54. Qc6+ Kh5 55. c4 Kg4 56. Kb2 h5 57. c5 Qf6+ 58. Qxf6
Nxf6 59. Kc3 h4 60. c6 Ne8 0-1

[Event "Lliga Catalana DH "]
[Site "?"]
[Date "2018.03.10"]
[Round "8.6"]
[White "Romero Calderon, Joan"]
[Black "Garcia Castellote, Daniel"]
[Result "1/2-1/2"]
[WhiteElo "2301"]
[BlackElo "2166"]
[PlyCount "102"]
[EventDate "2018.??.??"]
[SourceDate "2018.01.21"]
[WhiteTeam "SCU"]
[BlackTeam "PIP"]

1. d4 Nf6 2. Nf3 g6 3. c4 Bg7 4. Nc3 O-O 5. e4 d6 6. Bg5 Na6 7. Qd2 e5 8. d5
Qe8 9. Bh6 Nc5 10. Bxg7 Kxg7 11. Qc2 a5 12. Be2 Nh5 13. g3 f5 14. Nd2 Nf6 15.
f3 fxe4 16. Ndxe4 Nfxe4 17. Nxe4 Nxe4 18. Qxe4 Qe7 19. O-O Qg5 20. Bd3 Bh3 21.
Rf2 b6 22. Re1 Rf7 23. Qe2 Raf8 24. Be4 h5 25. Kh1 Bf5 26. Rg1 Bxe4 27. Qxe4
Qf5 28. Qe3 g5 29. g4 Qf4 30. Qxf4 Rxf4 31. gxh5 Kh6 32. Rfg2 R8f5 33. Rg4 Rxf3
34. h4 Rh3+ 35. Kg2 Rxh4 36. Rxh4 gxh4 37. Kh3 Rxh5 38. Rg8 Rg5 39. Rc8 Rg7 40.
Kxh4 Kg6 41. Kg4 Kf6+ 42. Kf3 Rf7 43. Ke4 Rh7 44. b3 Rg7 45. Kf3 Re7 46. Ke4
Rh7 47. Kf3 Kf5 48. Rf8+ Kg5 49. Rc8 Kf6 50. Ke4 Rh4+ 51. Ke3 Rh7 1/2-1/2

[Event "Lliga Catalana DH "]
[Site "?"]
[Date "2018.03.10"]
[Round "8.7"]
[White "Subirachs Mancebo, Guillem"]
[Black "Brusi Noguera, Ricard"]
[Result "1/2-1/2"]
[WhiteElo "2208"]
[BlackElo "2310"]
[PlyCount "43"]
[EventDate "2018.??.??"]
[SourceDate "2018.01.21"]
[WhiteTeam "PIP"]
[BlackTeam "SCU"]

1. e4 Nf6 2. e5 Nd5 3. c4 Nb6 4. c5 Nd5 5. Nc3 e6 6. d4 b6 7. cxb6 axb6 8. Nf3
Be7 9. Nxd5 exd5 10. Bd3 Ba6 11. O-O O-O 12. Re1 Bxd3 13. Qxd3 Na6 14. Bd2 c6
15. a3 Nc7 16. Re2 Ne6 17. Rf1 Qc8 18. Ne1 Qa6 19. Qxa6 Rxa6 20. Nc2 f5 21. Bc3
Rfa8 22. Rd1 1/2-1/2

[Event "Lliga Catalana DH "]
[Site "?"]
[Date "2018.03.10"]
[Round "8.8"]
[White "Sierra Montoya, Miquel"]
[Black "Moya Arau, Carles"]
[Result "1/2-1/2"]
[WhiteElo "2276"]
[BlackElo "2153"]
[PlyCount "55"]
[EventDate "2018.??.??"]
[SourceDate "2018.01.21"]
[WhiteTeam "SCU"]
[BlackTeam "PIP"]

1. e4 c5 2. Nf3 a6 3. c3 d5 4. exd5 Qxd5 5. d4 g6 6. h3 Bg7 7. Be3 cxd4 8. cxd4
Nf6 9. Be2 O-O 10. Nc3 Qd8 11. O-O Nbd7 12. Ne5 Nb6 13. Bf3 Nbd5 14. Qb3 Nxe3
15. fxe3 Ra7 16. Na4 Be6 17. Qb6 Qxb6 18. Nxb6 Rd8 19. Rfc1 Nd5 20. Nxd5 Bxd5
21. Bxd5 Bxe5 22. Bf3 Bd6 23. Rc2 Rd7 24. Rc8+ Kg7 25. a4 b5 26. Be2 Rdc7 27.
Rxc7 Rxc7 28. axb5 1/2-1/2

[Event "Lliga Catalana DH "]
[Site "?"]
[Date "2018.03.10"]
[Round "8.9"]
[White "Cervello Tost, Roger"]
[Black "Sorroche Martin, Josep Mº"]
[Result "0-1"]
[WhiteElo "2103"]
[BlackElo "2243"]
[PlyCount "72"]
[EventDate "2018.??.??"]
[SourceDate "2018.01.21"]
[WhiteTeam "PIP"]
[BlackTeam "SCU"]

1. e4 c5 2. d4 cxd4 3. c3 dxc3 4. Nxc3 Nc6 5. Nf3 e6 6. Bc4 a6 7. O-O Nge7 8.
Bf4 Ng6 9. Bg3 Be7 10. Qe2 O-O 11. Rfd1 d6 12. a4 e5 13. h3 Be6 14. Nd5 Rc8 15.
Rac1 Kh8 16. Qd2 Bxd5 17. Bxd5 Qb6 18. h4 f5 19. exf5 Rxf5 20. Be6 Rxf3 21.
gxf3 Rf8 22. a5 Qd8 23. h5 Nd4 24. Bd5 Nf4 25. Bxf4 Rxf4 26. Bxb7 Bf8 27. Qxf4
Ne2+ 28. Kf1 Nxf4 29. Rc8 Qf6 30. Rdc1 Kg8 31. Bxa6 Qh4 32. Ke1 Qh1+ 33. Kd2
Qxf3 34. Kc2 Qe4+ 35. Kb3 d5 36. R1c2 Qb4+ 0-1

[Event "Lliga Catalana DH "]
[Site "?"]
[Date "2018.03.10"]
[Round "8.10"]
[White "Barcelo Tizon, Cristian"]
[Black "Llados Clos, Jordi"]
[Result "1/2-1/2"]
[WhiteElo "2164"]
[BlackElo "2088"]
[PlyCount "59"]
[EventDate "2018.??.??"]
[SourceDate "2018.01.21"]
[WhiteTeam "SCU"]
[BlackTeam "PIP"]

1. c4 Nf6 2. g3 g6 3. Bg2 Bg7 4. Nc3 O-O 5. e4 d6 6. Nge2 e5 7. O-O Nbd7 8. d3
c6 9. h3 Nc5 10. Be3 Qe7 11. f4 Nfd7 12. f5 h6 13. Qd2 Kh7 14. b4 Na6 15. a3
Nc7 16. g4 g5 17. Ng3 b5 18. a4 bxa4 19. Rxa4 a6 20. b5 axb5 21. Rxa8 Nxa8 22.
cxb5 cxb5 23. Nxb5 Ba6 24. Qa5 Bxb5 25. Qxb5 Rb8 26. Qc6 Nab6 27. Ra1 Nc5 28.
Bxc5 dxc5 29. Ra6 Qb7 30. Qxb7 1/2-1/2